[Event "GER-ch Seniors 21st"]
[Site "Dresden"]
[Date "2009.08.07"]
[Round "6"]
[White "Heubach, Eberhard"]
[Black "Wolter, Guenter"]
[Result "0-1"]
[WhiteElo "1790"]
[BlackElo "1788"]
[PlyCount "58"]
[EventDate "2009.08.03"]
[EventType "swiss"]
[EventRounds "9"]
[EventCountry "GER"]
[SourceTitle "CBM 131 Extra"]
[Source "ChessBase"]
[SourceDate "2009.09.03"]
[SourceVersion "2"]
[SourceVersionDate "2009.09.16"]
[SourceQuality "1"]

1. e4 d5 2. exd5 Nf6 3. d4 Nxd5 4. c4 Nf6 5. Nc3 Bf5 6. Nf3 e6 7. a3 Be7 8. Be2 0-0 9. 0-0 Nbd7 10. Be3 c5 11. Qb3 b6 12. Rad1 a6 13. Ne5 Qc7 14. Bf3 Rab8 15. Nc6 Rbe8 16. Nxe7+ Rxe7 17. d5 exd5 18. cxd5 Qd6 19. Ne2 Ne5 20. Bf4 Nxf3+ 21. Qxf3 Qd7 22. d6 Re6 23. h3 Be4 24. Qb3 b5 25. Rfe1 Rfe8 26. Qc3 c4 27. Nd4 Nd5 28. Qd2 Rg6 29. Bg3 Nf6 0-1